| Поле | Инд. | ПП | Название | Значение |
|---|---|---|---|---|
| Тип записи | a | |||
| Библиографический уровень | m | |||
| 001 | Контрольный номер | DU/588782098 | ||
| 005 | Дата корректировки | 20250328082435.1 | ||
| 008 | Кодируемые данные | 20160323 | ||
| 020 | a | ISBN | 978-985-06-2038-5 | |
| 040 | b | Код языка каталог. | rus | |
| e | Правила каталог. | PSBO | ||
| 041 | 0_ | a | Код языка текста | rus |
| 084 | a | Индекс другой классификации/Индекс ББК | 28.707.3я73 | |
| 100 | 1_ | a | Автор | Кубарко А. И. |
| 100 | 1_ | a | Автор | Семенович А. А. |
| 100 | 1_ | a | Автор | Переверзев В. А. |
| 100 | 1_ | a | Автор | Александров Д. А. |
| 100 | 1_ | a | Автор | Лобанок Л. М. |
| 100 | 1_ | a | Автор | Харламов А. Н. |
| 245 | 10 | a | Заглавие | Нормальная физиология |
| n | Номер части/ раздела | Ч.2 | ||
| b | Продолж. заглавия | учебник для высшего образования: в 2 ч. | ||
| c | Ответственность | под редакцией А. И. Кубарко | ||
| 260 | b | Издательство | Вышэйшая школа | |
| c | Дата издания | 2014 | ||
| a | Место издания | Минск | ||
| 300 | a | Объем | 604 с. | |
| 336 | a | Термин вида содержания | Текст | |
| 337 | a | Термин типа средства | электронный | |
| 650 | 04 | a | Основная рубрика | биология |
| a | Основная рубрика | биология человека | ||
| a | Основная рубрика | физиология | ||
| 653 | 0_ | a | Ключевые слова | выделительная система |
| a | Ключевые слова | дыхание | ||
| a | Ключевые слова | интегративные функции мозга | ||
| a | Ключевые слова | кровообращение | ||
| a | Ключевые слова | обмен веществ | ||
| a | Ключевые слова | обмен энергии | ||
| a | Ключевые слова | пищеварение | ||
| a | Ключевые слова | сенсорные системы | ||
| a | Ключевые слова | терморегуляция | ||
| 655 | a | Жанр/ форма (устаревшее) | учебное пособие | |
| 856 | 40 | a | Имя сервера/домена | ЭБС Айбукс.ру |
| d | Путь | https://ibooks.ru/ | ||
| i | Указания/сценарий входа | Доступ по логину и паролю | ||
| u | URL | https://ibooks.ru/products/344236 | ||
| v | Время доступа к ресурсу | 31.12.2025 | ||
| y | Справочный текст | Электронная версия | ||
| 900 | x | Справочная информация | Полный текст | |
| 900 | a | Имя электронного ресурса | obl_978-985-06-2038-5 | |
| x | Справочная информация | Обложка | ||
| 901 | t | Тип документа | 0 | |
| 952 | a | Тип литературы для КСУ ВШ | НАУ |